000 00857nam a2200277Ia 4500
003 OSt
005 20220203153224.0
008 210716s2011 xx 000 0 und d
020 _a9781444112108
040 _cAIMIT LIBRARY
041 _aeng
082 _a657.48
_21
_bJOHP
100 _aJohal, Parminder.
_916414
245 _aFinancial accoumting /
_cBy Parminder Johal...[et al.]
250 _a1st ed.
_bHodder-Viva Student Edition.
260 _aLondon :
_bHodder Education ,
_c2011.
300 _avii, 262p. ;
_c24 cm.
650 _aFinancial Accounting
_916415
650 _aThe Balance Sheet
_916416
650 _aThe Income Statement
_916417
650 _aCash flow Statement
_916418
700 _aVickerstaff, Beverly.
_916419
700 _aKarkhmal, Vira.
_916420
700 _aGordon, Lewis.
_916421
942 _2ddc
_cBK
_e1st
_k657.48 JOHP
999 _c207137
_d207137